000 00645nam a22002177a 4500
999 _c1246
_d1246
003 AR-CdUCM
008 190226b ||||| |||| 00| 0 spa d
020 _a9700000125
040 _aMUNICIPALIDAD PROVINCIAL DEL CUSCO
_cBIBLIOTECA MUNICIPAL DEL CUSCO
041 _hger
082 _a838.9 /
_bT78
100 _aTraxler, Hans
_94851
245 _aLa aventura formidable del hombrecillo indomable/
260 _aMéxico :
_bAltea,
_c1987.
300 _a65 páginas ;
_c17 cm.
650 _aLiteratura alemana
_993
650 _aLiteratura infantil
_9588
700 _aAzaola, Miguel (traductor)
_94852
942 _2ddc
_cLIBROS
945 _azta